000 00333nam a2200157Ia 4500
003 Ost
005 20260225132539.0
008 260225s9999||||xx |||||||||||||| ||und||
040 _cfsic
041 _afre
082 _a302.23
100 _aAnas
_eAuteur
245 0 _aTravail soçial medias /
245 0 _cAnas
942 _cكتاب
999 _c33423
_d33423